The Elementary School Teacher

محفوظ في:

التنسيق: دورية

اللغة: Undetermined

منشور في: JSTOR
The University of Chicago Press

الموضوعات:

الوصول للمادة أونلاين: Login to view Source

الوسوم: إضافة وسم

لا توجد وسوم, كن أول من يضع وسما على هذه التسجيلة!

رقم الطلب:

LEADER 00495nas a2200157Ia 4500
008 220214c99999999xx |||||||||||| ||und||
022 |a 1545-5858 
245 0 4 |a The Elementary School Teacher 
264 1 |b JSTOR 
264 1 |b The University of Chicago Press 
362 0 |a Vol. 3(1902)-14 (1914) 
653 1 0 |a Social Sciences 
856 4 0 |u https://www.jstor.org/journal/elemschoteac 
942 |c JL 
952 |0 0  |1 0  |4 0  |7 1  |9 34831  |a JSR  |b JSR  |d 2022-02-14  |l 0  |r 2022-02-14 00:00:00  |w 2022-02-14  |y JL 
999 |c 43164  |d 43164